000 00560nam a2200181 a 4500
005 20140412111321.0
008 010319s19uu xx 00 eng d
020 _a0-7498-0320-7
050 _aER Ra13 1991
100 _aButcher, Mike
245 _aRainbow: water, Water, everywhere! /
_cwritten by Mike Butcher ; illustrated by Paul Crompton.
260 _aManchester :
_bWorld International Ltd,
_c1991.
300 _a1 v. (unp.) ; ill.
440 _aLittle Owl Superstars
650 _aWater -- Fiction
650 _aWater - stories
999 _c104377
_d104377